[Event "FIDE Olympiad Disabilties 2020"]
[Site "Online"]
[Date "2020.11.21"]
[Round "4.5"]
[White "Osypova, Alona"]
[Black "Wolanski, Michal"]
[Result "0-1"]
[WhiteElo "1568"]
[BlackElo "2029"]
[Annotator "ChessBase"]
[PlyCount "58"]
[EventDate "2020.11.21"]
[EventType "team-tourn"]
[EventCountry "NET"]
[SourceTitle "playchess.com"]
[Source "ChessBase"]
[SourceQuality "1"]
[WhiteTeam "Ukraine"]
[BlackTeam "Poland"]
[WhiteTeamCountry "UKR"]
[BlackTeamCountry "POL"]

1. d4 Nf6 2. Nf3 e6 3. Bg5 Be7 4. e3 O-O 5. Bd3 h6 6. Bf4 d5 7. O-O Bd6 8. Bg3 c5 9. c4 Nc6 10. cxd5 Nxd5 11. Nc3 Bxg3 12. hxg3 cxd4 13. exd4 b6 14. Be4 Nce7 15. Qb3 Bb7 16. Rfd1 Rb8 17. Nxd5 Nxd5 18. Rac1 Qd6 19. Ne5 Rfc8 20. Qf3 f5 21. Bxd5 Bxd5 22. Qh5 Rc7 23. a3 Rbc8 24. Rxc7 Qxc7 25. Qe2 Qc2 26. Rd2 Qb1+ 27. Kh2 Rc1 28. g4 f4 29. Nd3 Rh1# 0-1

[Event "FIDE Olympiad Disabilties 2020"]
[Site "Online"]
[Date "2020.11.21"]
[Round "4.5"]
[White "Tryjanska, Emilia"]
[Black "Gonchar, Svitlana"]
[Result "1-0"]
[WhiteElo "1425"]
[BlackElo "1709"]
[Annotator "NA"]
[PlyCount "57"]
[EventDate "2020.11.21"]
[EventType "team-tourn"]
[EventCountry "NET"]
[SourceTitle "playchess.com"]
[Source "ChessBase"]
[SourceQuality "1"]
[WhiteTeam "Poland"]
[BlackTeam "Ukraine"]
[WhiteTeamCountry "POL"]
[BlackTeamCountry "UKR"]

1. e4 d5 2. exd5 Qxd5 3. Nc3 Qd8 4. d4 Nf6 5. Nf3 Bg4 6. h3 Bxf3 7. Qxf3 c6 8. Be3 e6 9. O-O-O Be7 10. g4 Nd5 11. Nxd5 cxd5 12. Bd3 Nc6 13. c3 Rc8 14. Kb1 h6 15. Qg2 a6 16. f4 Na5 17. f5 Nc4 18. Bxc4 Rxc4 19. fxe6 fxe6 20. Rhf1 Rf8 21. Rxf8+ Bxf8 22. Rf1 Rc7 23. Qf3 Bd6 24. g5 hxg5 25. Qh5+ Kd7 26. Bxg5 Qe8 27. Rf7+ Kc8 28. Rxc7+ Kxc7 29. Qxe8 1-0

[Event "FIDE Olympiad Disabilties 2020"]
[Site "Online"]
[Date "2020.11.21"]
[Round "4.6"]
[White "Molina, Gildardo"]
[Black "Nguyen, Van Quan"]
[Result "1/2-1/2"]
[WhiteElo "1998"]
[BlackElo "1783"]
[Annotator "ChessBase"]
[PlyCount "118"]
[EventDate "2020.11.21"]
[EventType "team-tourn"]
[EventCountry "NET"]
[SourceTitle "playchess.com"]
[Source "ChessBase"]
[SourceQuality "1"]
[WhiteTeam "Colombia"]
[BlackTeam "Vietnam"]
[WhiteTeamCountry "COL"]
[BlackTeamCountry "VIE"]

1. e4 e5 2. Nf3 Nc6 3. d4 exd4 4. Bc4 Nf6 5. e5 d5 6. Bb5 Ne4 7. Nxd4 Bd7 8. Bxc6 bxc6 9. O-O Be7 10. f3 Nc5 11. f4 Ne4 12. Nd2 Nxd2 13. Bxd2 c5 14. Nf3 O-O 15. h3 a5 16. a4 d4 17. Qe2 Bf5 18. Ne1 Qd5 19. c4 Qe4 20. Qxe4 Bxe4 21. Ra3 Rfb8 22. Bc1 Rb4 23. b3 Rab8 24. Bd2 Rxb3 25. Rxb3 Rxb3 26. Bxa5 Ra3 27. Bxc7 Rxa4 28. f5 Rxc4 29. f6 gxf6 30. exf6 Bf8 31. Rf4 Bg6 32. Rg4 h5 33. Rg5 Rc1 34. Kf2 Bh6 35. Rd5 Be3+ 36. Ke2 Be4 37. Rxh5 Bg6 38. Rd5 c4 39. Bb6 d3+ 40. Nxd3 cxd3+ 41. Kxe3 Re1+ 42. Kf2 Re2+ 43. Kf1 Rb2 44. Be3 Be4 45. Rd6 Bxg2+ 46. Kg1 Be4 47. h4 Kh7 48. h5 Rg2+ 49. Kf1 Rh2 50. Rd7 Rxh5 51. Rxf7+ Kg8 52. Re7 Bg6 53. Ke1 Bf7 54. Rd7 Rf5 55. Bd4 Rd5 56. Rxd5 Bxd5 57. Kd2 Be4 58. Bc3 Kf7 59. Ke3 Bg6 1/2-1/2

[Event "FIDE Olympiad Disabilties 2020"]
[Site "Online"]
[Date "2020.11.21"]
[Round "4.6"]
[White "Le, Van Viet"]
[Black "Mesa, Francisco Alonso Jr."]
[Result "1/2-1/2"]
[WhiteElo "1438"]
[BlackElo "1837"]
[Annotator "NA"]
[PlyCount "143"]
[EventDate "2020.11.21"]
[EventType "team-tourn"]
[EventCountry "NET"]
[SourceTitle "playchess.com"]
[Source "ChessBase"]
[SourceQuality "1"]
[WhiteTeam "Vietnam"]
[BlackTeam "Colombia"]
[WhiteTeamCountry "VIE"]
[BlackTeamCountry "COL"]

1. e4 c5 2. Nf3 e6 3. d4 cxd4 4. Nxd4 a6 5. Bd3 Qc7 6. O-O Nf6 7. Qe2 d6 8. c4 Be7 9. f4 Nbd7 10. Nc3 b6 11. Be3 Bb7 12. Rad1 Nc5 13. Bc1 Nxd3 14. Qxd3 O-O 15. b3 Rac8 16. Bb2 d5 17. cxd5 exd5 18. Nxd5 Nxd5 19. exd5 Bf6 20. Kh1 Bxd5 21. Ba1 Qb7 22. Qg3 Be4 23. Nf3 Bxa1 24. Rxa1 Rc2 25. Rf2 Rxf2 26. Qxf2 Bxf3 27. Qxf3 Qxf3 28. gxf3 f6 29. Rc1 Rd8 30. Rc6 Rd1+ 31. Kg2 Rd2+ 32. Kg3 Rxa2 33. Rxb6 Kf7 34. b4 Kg6 35. Rc6 Ra4 36. Rb6 Kf5 37. Rb7 Kg6 38. Rb6 h6 39. Kg4 h5+ 40. Kg3 Kf5 41. Rb7 g6 42. Rb6 Ra2 43. Rc6 Ra4 44. Rb6 Ra1 45. Rc6 Rg1+ 46. Kf2 Rb1 47. Rxa6 Rxb4 48. Kg3 h4+ 49. Kxh4 Rxf4+ 50. Kg3 g5 51. Ra5+ Kg6 52. Ra6 Rh4 53. Ra5 Rc4 54. Ra6 Rc3 55. h3 Rc5 56. h4 gxh4+ 57. Kxh4 Rg5 58. Ra8 Rb5 59. Kg4 Rg5+ 60. Kf4 Rf5+ 61. Kg4 Rc5 62. Rg8+ Kf7 63. Ra8 Ke6 64. Ra6+ Kf7 65. Ra7+ Kg6 66. Ra8 Rg5+ 67. Kf4 Rf5+ 68. Kg4 Rc5 69. Rg8+ Kf7 70. Ra8 Kg7 71. Ra7+ Kg6 72. Ra8 1/2-1/2

[Event "FIDE Olympiad Disabilties 2020"]
[Site "Online"]
[Date "2020.11.21"]
[Round "4.6"]
[White "Nguyen, Thi Hong Chau"]
[Black "Giraldo Bohorquez, Lucas"]
[Result "1-0"]
[WhiteElo "1366"]
[BlackElo "1693"]
[Annotator "NA"]
[PlyCount "115"]
[EventDate "2020.11.21"]
[EventType "team-tourn"]
[EventCountry "NET"]
[SourceTitle "playchess.com"]
[Source "ChessBase"]
[SourceQuality "1"]
[WhiteTeam "Vietnam"]
[BlackTeam "Colombia"]
[WhiteTeamCountry "VIE"]
[BlackTeamCountry "COL"]

1. d4 d5 2. c4 e6 3. Nc3 Be7 4. Nf3 Nf6 5. e3 O-O 6. Bd3 dxc4 7. Bxc4 b6 8. O-O Bb7 9. Re1 c5 10. e4 cxd4 11. Nxd4 Bc5 12. Ndb5 Qxd1 13. Rxd1 Nc6 14. Nd6 Bxd6 15. Rxd6 Ne5 16. Be2 Nxe4 17. Nxe4 Bxe4 18. Bf4 Ng6 19. Bg3 Rfd8 20. Rad1 Bd5 21. a3 f5 22. f3 f4 23. Rxd8+ Rxd8 24. Bf2 Ne7 25. Bc4 Nf5 26. Bb3 Rc8 27. Bxd5 exd5 28. Kf1 d4 29. Rd2 Rd8 30. Ke2 Ne3 31. g3 g5 32. gxf4 gxf4 33. Bh4 Rd5 34. Bf6 Nf5 35. Kd3 Kf7 36. Ke4 Rb5 37. Bxd4 Nxd4 38. Kxd4 Ke6 39. Ke4 Rc5 40. Kxf4 Rc4+ 41. Kg3 Rc7 42. h4 h5 43. Kf4 Rc4+ 44. Kg5 Rc5+ 45. Kh6 Rf5 46. Rf2 Ke5 47. Kg6 Kf4 48. Rf1 Rb5 49. b4 Kg3 50. f4 Kxh4 51. f5 Rd5 52. f6 Rd6 53. Kg7 Kg3 54. f7 Rd7 55. Kg8 Rxf7 56. Rxf7 a5 57. bxa5 bxa5 58. Rf5 1-0

[Event "FIDE Olympiad Disabilties 2020"]
[Site "Online"]
[Date "2020.11.21"]
[Round "4.7"]
[White "Larduet Despaigne, Carlos"]
[Black "Lipilin, Ilia"]
[Result "0-1"]
[WhiteElo "2293"]
[BlackElo "2189"]
[Annotator "TA"]
[PlyCount "86"]
[EventDate "2020.11.21"]
[EventType "team-tourn"]
[EventCountry "NET"]
[SourceTitle "playchess.com"]
[Source "ChessBase"]
[SourceQuality "1"]
[WhiteTeam "Cuba"]
[BlackTeam "Russia"]
[WhiteTeamCountry "CUB"]
[BlackTeamCountry "RUS"]

1. c4 f5 2. Nf3 Nf6 3. d4 d6 4. e3 g6 5. Be2 Bg7 6. O-O O-O 7. b4 e5 8. Bb2 e4 9. Nfd2 Be6 10. Nc3 Nbd7 11. a4 a5 12. bxa5 Rxa5 13. Nb3 Ra8 14. a5 c6 15. Qd2 g5 16. Ba3 Ne8 17. Rab1 Qf6 18. Rfc1 Qg6 19. d5 Bf7 20. c5 f4 21. dxc6 bxc6 22. cxd6 f3 23. Bf1 Nef6 24. Nd4 c5 25. Nc6 Qh5 26. g3 Be6 27. Qd1 Ng4 28. h3 Ngf6 29. g4 Bxg4 30. Nxe4 Nxe4 31. Qd5+ Kh8 32. Qxe4 Bxh3 33. Bd3 Bf5 34. Qxf5 Rxf5 35. Bxf5 g4 36. Bd3 g3 37. fxg3 Qh3 38. Rc2 Qxg3+ 39. Kf1 Rg8 40. Ne7 Bd4 41. Nxg8 Bxe3 42. Bb2+ Kxg8 43. Bc4+ Kf8 0-1

[Event "FIDE Olympiad Disabilties 2020"]
[Site "Online"]
[Date "2020.11.21"]
[Round "4.7"]
[White "Anfinogenov, Artem"]
[Black "Morales Romero, Pedro"]
[Result "0-1"]
[WhiteElo "2061"]
[BlackElo "2332"]
[Annotator "ChessBase"]
[PlyCount "58"]
[EventDate "2020.11.21"]
[EventType "team-tourn"]
[EventCountry "NET"]
[SourceTitle "playchess.com"]
[Source "ChessBase"]
[SourceQuality "1"]
[WhiteTeam "Russia"]
[BlackTeam "Cuba"]
[WhiteTeamCountry "RUS"]
[BlackTeamCountry "CUB"]

1. d4 Nf6 2. c4 e6 3. Nc3 Bb4 4. Qb3 c5 5. dxc5 Na6 6. a3 Bxc3+ 7. Qxc3 Nxc5 8. f3 d6 9. b4 Na4 10. Qb3 Bd7 11. e4 O-O 12. Bf4 d5 13. Bd6 Re8 14. e5 dxc4 15. Bxc4 Nd5 16. Ne2 Qb6 17. Rd1 Rac8 18. Rd4 Bb5 19. Bxb5 Qxb5 20. Qd3 Qxd3 21. Rxd3 Rc2 22. g3 Rec8 23. Rd2 h5 24. Rxc2 Rxc2 25. Kf2 Ndc3 26. Re1 Nb2 27. Ke3 Ncd1+ 28. Ke4 Nf2+ 29. Kf4 Nfd3+ 0-1

[Event "FIDE Olympiad Disabilties 2020"]
[Site "Online"]
[Date "2020.11.21"]
[Round "4.7"]
[White "Tsapalin, Sergey"]
[Black "Lavigne Lopez, Raul Leonardo"]
[Result "1/2-1/2"]
[WhiteElo "1943"]
[BlackElo "2229"]
[Annotator "TA"]
[PlyCount "122"]
[EventDate "2020.11.21"]
[EventType "team-tourn"]
[EventCountry "NET"]
[SourceTitle "playchess.com"]
[Source "ChessBase"]
[SourceQuality "1"]
[WhiteTeam "Russia"]
[BlackTeam "Cuba"]
[WhiteTeamCountry "RUS"]
[BlackTeamCountry "CUB"]

1. d4 d5 2. c4 dxc4 3. Nf3 Nf6 4. e3 e6 5. Bxc4 a6 6. a4 c5 7. Nc3 Nc6 8. O-O Be7 9. dxc5 Bxc5 10. Qxd8+ Kxd8 11. Ng5 Ke7 12. Nge4 Bb4 13. Bd2 Rd8 14. Rfd1 Nxe4 15. Nxe4 Bxd2 16. Rxd2 Rxd2 17. Nxd2 Ne5 18. Be2 Bd7 19. f4 Nc6 20. Nc4 Rd8 21. Rd1 Nb4 22. b3 Bc6 23. Rxd8 Kxd8 24. Ne5 Be8 25. Bf3 b5 26. axb5 axb5 27. Be4 h6 28. Kf2 Kc7 29. Ke2 Kd6 30. Kd2 Nd5 31. Bxd5 Kxd5 32. Kd3 Kc5 33. Kc3 f6 34. Nd3+ Kd5 35. Nf2 Bc6 36. e4+ Kd6 37. Kd4 e5+ 38. fxe5+ fxe5+ 39. Ke3 Bd7 40. b4 Be6 41. Nd3 Bc4 42. Nc5 Bf1 43. Kf2 Bc4 44. Kf3 g6 45. h4 Ke7 46. g4 h5 47. g5 Bf1 48. Nb3 Bc4 49. Nd2 Be6 50. Nb1 Bc4 51. Na3 Bd3 52. Ke3 Bf1 53. Nb1 Bc4 54. Nc3 Kd6 55. Kd2 Ke6 56. Nd1 Kd6 57. Ne3 Be6 58. Kd3 Kc6 59. Nd1 Bc4+ 60. Ke3 Kd6 61. Nf2 Ke6 1/2-1/2

[Event "FIDE Olympiad Disabilties 2020"]
[Site "Online"]
[Date "2020.11.21"]
[Round "4.7"]
[White "Batista Rivera, Idalis"]
[Black "Dorozhkina, Mariya"]
[Result "0-1"]
[WhiteElo "1811"]
[BlackElo "1705"]
[Annotator "NA RC"]
[PlyCount "90"]
[EventDate "2020.11.21"]
[EventType "team-tourn"]
[EventCountry "NET"]
[SourceTitle "playchess.com"]
[Source "ChessBase"]
[SourceQuality "1"]
[WhiteTeam "Cuba"]
[BlackTeam "Russia"]
[WhiteTeamCountry "CUB"]
[BlackTeamCountry "RUS"]

1. e4 c5 2. Nf3 Nc6 3. Bb5 g6 4. Bxc6 dxc6 5. h3 Bg7 6. d3 Nf6 7. Nc3 O-O 8. Be3 b6 9. Qd2 Re8 10. O-O-O a5 11. Bh6 Bh8 12. Qe3 a4 13. a3 Nd7 14. e5 e6 15. Bg5 Qc7 16. Ne4 Nxe5 17. Nf6+ Bxf6 18. Bxf6 Nd7 19. Bc3 e5 20. Qh6 f6 21. g4 b5 22. Nh4 Rb8 23. g5 b4 24. axb4 cxb4 25. gxf6 Nxf6 26. Bxb4 Rxb4 27. Rdg1 Qg7 28. Qg5 e4 29. Qc5 Nd5 30. Qxc6 Qxb2+ 31. Kd2 e3+ 32. fxe3 Qc3+ 33. Qxc3 Nxc3 34. Kxc3 Rxh4 35. Ra1 Bd7 36. e4 Ra8 37. Kb4 Rxh3 38. Rxh3 Bxh3 39. Rxa4 Rxa4+ 40. Kxa4 Kf7 41. Kb5 Ke7 42. d4 Bd7+ 43. Kb6 h5 44. c4 h4 45. d5 h3 0-1

[Event "FIDE Olympiad Disabilties 2020"]
[Site "Online"]
[Date "2020.11.21"]
[Round "4.8"]
[White "Paal, Attila"]
[Black "Arstanbekov, Dzhanysh"]
[Result "1-0"]
[WhiteElo "2148"]
[BlackElo "1729"]
[Annotator "TA"]
[PlyCount "34"]
[EventDate "2020.11.21"]
[EventType "team-tourn"]
[EventCountry "NET"]
[SourceTitle "playchess.com"]
[Source "ChessBase"]
[SourceQuality "1"]
[WhiteTeam "Hungary"]
[BlackTeam "Kyrgyzstan"]
[WhiteTeamCountry "HUN"]
[BlackTeamCountry "KGZ"]

1. d4 Nf6 2. c4 g6 3. Nc3 d5 4. Nf3 Bg7 5. Bg5 c6 6. e3 O-O 7. Be2 dxc4 8. Bxc4 b5 9. Be2 a6 10. O-O Nbd7 11. Rc1 Bb7 12. Qc2 h6 13. Bh4 Re8 14. Rfd1 Qb6 15. Ne5 Rac8 16. Bxf6 Nxf6 17. Qb3 Nd5 1-0

[Event "FIDE Olympiad Disabilties 2020"]
[Site "Online"]
[Date "2020.11.21"]
[Round "4.8"]
[White "Ostry, Irina"]
[Black "Acs, Gabor"]
[Result "0-1"]
[WhiteElo "2147"]
[BlackElo "1977"]
[Annotator "TA"]
[PlyCount "94"]
[EventDate "2020.11.21"]
[EventType "team-tourn"]
[EventCountry "NET"]
[SourceTitle "playchess.com"]
[Source "ChessBase"]
[SourceQuality "1"]
[WhiteTeam "Kyrgyzstan"]
[BlackTeam "Hungary"]
[WhiteTeamCountry "KGZ"]
[BlackTeamCountry "HUN"]

1. e4 e5 2. Nc3 Nf6 3. g3 Nc6 4. Bg2 Bc5 5. Nge2 O-O 6. O-O d6 7. h3 a6 8. d3 h6 9. Kh2 Nd4 10. f4 Bd7 11. Nxd4 Bxd4 12. Ne2 Bb6 13. f5 Bc6 14. c4 Bc5 15. Bd2 a5 16. Qc1 b5 17. b3 b4 18. Be3 Bxe3 19. Qxe3 Qe7 20. Rae1 a4 21. d4 axb3 22. axb3 Bd7 23. d5 Ra3 24. Nc1 Rfa8 25. Qd2 Rb8 26. Rf3 Ne8 27. h4 Nf6 28. Bh3 c6 29. g4 Nh7 30. Kg3 c5 31. Ref1 Rba8 32. f6 Nxf6 33. Rxf6 gxf6 34. Qxh6 f5 35. gxf5 Qf8 36. Qg5+ Kh7 37. Qh5+ Qh6 38. Qxf7+ Kh8 39. Bg4 Be8 40. Qe6 Qe3+ 41. Bf3 R3a7 42. Qxd6 Rg7+ 43. Kh3 Bh5 44. f6 Rg6 45. Qxe5 Bxf3 46. f7+ Kh7 47. Kh2 Qd2+ 0-1

[Event "FIDE Olympiad Disabilties 2020"]
[Site "Online"]
[Date "2020.11.21"]
[Round "4.8"]
[White "Gaspar, Muriel Aranka"]
[Black "Bolotov, Toktobek"]
[Result "0-1"]
[WhiteElo "1423"]
[BlackElo "1448"]
[Annotator "NA RC"]
[PlyCount "132"]
[EventDate "2020.11.21"]
[EventType "team-tourn"]
[EventCountry "NET"]
[SourceTitle "playchess.com"]
[Source "ChessBase"]
[SourceQuality "1"]
[WhiteTeam "Hungary"]
[BlackTeam "Kyrgyzstan"]
[WhiteTeamCountry "HUN"]
[BlackTeamCountry "KGZ"]

1. e4 d6 2. d4 Nf6 3. Nc3 g6 4. f4 Bg7 5. Bd3 O-O 6. Nf3 Nc6 7. O-O e5 8. fxe5 dxe5 9. d5 Ne7 10. Be3 Ng4 11. Qd2 Nxe3 12. Qxe3 a6 13. a4 Qd6 14. Nd2 Qd8 15. Nc4 Bd7 16. Qc5 b6 17. Qe3 Rb8 18. Nd2 Ra8 19. Ne2 Nc8 20. Ng3 Nd6 21. Qe2 Qc8 22. Qe1 c5 23. Nc4 Nxc4 24. Bxc4 Rb8 25. b3 b5 26. axb5 axb5 27. Bd3 f5 28. exf5 e4 29. Bxe4 Bxa1 30. fxg6 Bd4+ 31. Kh1 h6 32. Nh5 Rxf1+ 33. Qxf1 Qf8 34. Qd3 Qf2 35. Qd1 Bg4 36. Qc1 Be3 37. Nf6+ Qxf6 38. Qxe3 Qa1+ 39. Qg1 Qxg1+ 40. Kxg1 Re8 41. Bd3 Be2 42. Bf5 Rf8 43. g4 h5 44. h3 hxg4 45. hxg4 Kg7 46. d6 b4 47. d7 Bb5 48. Kg2 Rd8 49. Kg3 Bxd7 50. Bd3 Be8 51. Bf5 Bxg6 52. Kf4 Bxf5 53. gxf5 Kf6 54. Kf3 Kxf5 55. Ke3 Rd4 56. Kf3 Rd2 57. Ke3 Rxc2 58. Kd3 Rc3+ 59. Kd2 Ke4 60. Ke2 Rxb3 61. Kd2 Rh3 62. Kc2 Kd4 63. Kb2 c4 64. Kc2 Rh2+ 65. Kb1 Kc3 66. Ka1 Kb3 0-1

[Event "FIDE Olympiad Disabilties 2020"]
[Site "Online"]
[Date "2020.11.21"]
[Round "4.8"]
[White "Rakhatbekov, Tilegen"]
[Black "Paal, Andras"]
[Result "0-1"]
[WhiteElo "1399"]
[BlackElo "2060"]
[Annotator "TA"]
[PlyCount "90"]
[EventDate "2020.11.21"]
[EventType "team-tourn"]
[EventCountry "NET"]
[SourceTitle "playchess.com"]
[Source "ChessBase"]
[SourceQuality "1"]
[WhiteTeam "Kyrgyzstan"]
[BlackTeam "Hungary"]
[WhiteTeamCountry "KGZ"]
[BlackTeamCountry "HUN"]

1. d4 Nf6 2. Bf4 g6 3. e3 Bg7 4. Nf3 O-O 5. Bd3 d6 6. O-O Nbd7 7. Nc3 c6 8. e4 e5 9. dxe5 dxe5 10. Nxe5 Nxe4 11. Bxe4 Nxe5 12. Qe2 Qa5 13. Rad1 Be6 14. Rfe1 Nc4 15. Bc1 Nxb2 16. Bxb2 Bxc3 17. Bxc3 Qxc3 18. Rb1 Rab8 19. a4 Rfe8 20. Qf3 Qxf3 21. Bxf3 Ba2 22. Rbd1 Kf8 23. h3 Rxe1+ 24. Rxe1 Rd8 25. Be4 Rd4 26. Ra1 Rxa4 27. Bd3 b5 28. Kh2 Ke7 29. c4 b4 30. Bb1 b3 31. Bxa2 Rxa2 32. Rb1 b2 33. Kg3 Kd6 34. Kf3 Kc5 35. Ke3 Kxc4 36. Kd2 Kb3 37. Rxb2+ Rxb2+ 38. Ke3 a5 39. g4 a4 40. h4 a3 41. f4 a2 42. h5 a1=Q 43. g5 Qa4 44. hxg6 hxg6 45. f5 Rc2 0-1

[Event "FIDE Olympiad Disabilties 2020"]
[Site "Online"]
[Date "2020.11.21"]
[Round "4.9"]
[White "Strete, Ciprian-Iulian"]
[Black "Jacome, Esteban"]
[Result "1-0"]
[WhiteElo "1782"]
[BlackElo "1549"]
[Annotator "NA RC"]
[PlyCount "63"]
[EventDate "2020.11.21"]
[EventType "team-tourn"]
[EventCountry "NET"]
[SourceTitle "playchess.com"]
[Source "ChessBase"]
[SourceQuality "1"]
[WhiteTeam "Romania"]
[BlackTeam "Ecuador"]
[WhiteTeamCountry "ROU"]
[BlackTeamCountry "ECU"]

1. d4 e6 2. c4 f5 3. Nc3 Nf6 4. Nf3 d5 5. Bg5 Be7 6. e3 O-O 7. Bd3 c6 8. O-O Qe8 9. Ne5 Ne4 10. Bxe7 Qxe7 11. f3 Nd6 12. Qb3 Nd7 13. Qa3 Rf6 14. cxd5 exd5 15. f4 Rh6 16. Rf3 Nf6 17. Raf1 Ng4 18. h3 Qh4 19. Ne2 Ne4 20. Bxe4 fxe4 21. Rg3 Nxe5 22. fxe5 Be6 23. Kh2 Bxh3 24. Rxh3 Qg4 25. Nf4 Rxh3+ 26. gxh3 Qh4 27. Qd6 g5 28. Rg1 Qf2+ 29. Rg2 Qxe3 30. Rxg5+ Kf7 31. Qe6+ Kf8 32. Rg8# 1-0

[Event "FIDE Olympiad Disabilties 2020"]
[Site "Online"]
[Date "2020.11.21"]
[Round "4.9"]
[White "Florea, Dorina"]
[Black "Delgado Tigasi, Andrea"]
[Result "0-1"]
[WhiteElo "1741"]
[BlackElo "1243"]
[Annotator "NA RC"]
[PlyCount "68"]
[EventDate "2020.11.21"]
[EventType "team-tourn"]
[EventCountry "NET"]
[SourceTitle "playchess.com"]
[Source "ChessBase"]
[SourceQuality "1"]
[WhiteTeam "Romania"]
[BlackTeam "Ecuador"]
[WhiteTeamCountry "ROU"]
[BlackTeamCountry "ECU"]

1. e4 c5 2. Nf3 d6 3. d4 cxd4 4. Nxd4 Nf6 5. Nc3 a6 6. Be2 e5 7. Nb3 Be6 8. Be3 Qc7 9. O-O Be7 10. f4 Nbd7 11. Nd5 Qc6 12. Nxe7 Kxe7 13. Bf3 Nxe4 14. Re1 d5 15. fxe5 Nxe5 16. Bxe4 dxe4 17. Bc5+ Ke8 18. Qd4 f6 19. Rad1 Bf5 20. Ba3 Qxc2 21. Qd6 Kf7 22. Rc1 Qd3 23. Rc7+ Kg6 24. Qe7 Rhg8 25. Rxb7 Bh3 26. Qb4 Bxg2 27. Kxg2 Qf3+ 28. Kg1 e3 29. Rc7 Qf2+ 30. Kh1 Nf3 31. Qg4+ Kh6 32. Qf4+ Kh5 33. Qf5+ Kh6 34. Qf4+ g5 0-1

[Event "FIDE Olympiad Disabilties 2020"]
[Site "Online"]
[Date "2020.11.21"]
[Round "4.9"]
[White "Garzon Zapatanga, Christopher Leonel"]
[Black "Marchidan, Costica"]
[Result "0-1"]
[WhiteElo "1697"]
[BlackElo "1770"]
[Annotator "NA RC"]
[PlyCount "64"]
[EventDate "2020.11.21"]
[EventType "team-tourn"]
[EventCountry "NET"]
[SourceTitle "playchess.com"]
[Source "ChessBase"]
[SourceQuality "1"]
[WhiteTeam "Ecuador"]
[BlackTeam "Romania"]
[WhiteTeamCountry "ECU"]
[BlackTeamCountry "ROU"]

1. e4 c5 2. Nf3 d6 3. d4 cxd4 4. Nxd4 Nf6 5. f3 g6 6. c4 Bg7 7. Nc3 O-O 8. Be3 Nc6 9. Be2 Nxd4 10. Bxd4 Be6 11. Qd2 Qa5 12. Rd1 Rfc8 13. b3 a6 14. Nd5 Qxd2+ 15. Rxd2 Bxd5 16. exd5 Nd7 17. Bxg7 Kxg7 18. Kf2 Rab8 19. a4 Nc5 20. Rb1 g5 21. Ke3 h5 22. Kd4 f5 23. Ra2 a5 24. b4 axb4 25. Rxb4 g4 26. Bd3 gxf3 27. gxf3 Kf6 28. Rg2 Rg8 29. Rbb2 h4 30. f4 h3 31. Rgf2 Rg1 32. Rf1 Nxd3 0-1

[Event "FIDE Olympiad Disabilties 2020"]
[Site "Online"]
[Date "2020.11.21"]
[Round "4.9"]
[White "Nevarez Castro, Andres"]
[Black "Bratu, Gheorghe"]
[Result "1-0"]
[WhiteElo "1250"]
[BlackElo "1729"]
[Annotator "NA RC"]
[PlyCount "75"]
[EventDate "2020.11.21"]
[EventType "team-tourn"]
[EventCountry "NET"]
[SourceTitle "playchess.com"]
[Source "ChessBase"]
[SourceQuality "1"]
[WhiteTeam "Ecuador"]
[BlackTeam "Romania"]
[WhiteTeamCountry "ECU"]
[BlackTeamCountry "ROU"]

1. e4 c5 2. Nf3 e6 3. c3 d5 4. exd5 Qxd5 5. d4 Nc6 6. Be3 cxd4 7. cxd4 Nf6 8. Nc3 Qa5 9. Bd3 Be7 10. a3 O-O 11. O-O a6 12. Rc1 Bd7 13. Bb1 Rac8 14. Qd3 h6 15. Ne2 Rfd8 16. Ng3 Bf8 17. Ne4 Nxe4 18. Qxe4 g6 19. Qh4 Qh5 20. Qxh5 gxh5 21. Nd2 Ne7 22. Ne4 Nd5 23. Bd2 Bg7 24. Be3 Bc6 25. h4 Nxe3 26. fxe3 Bd5 27. Ng3 e5 28. Nxh5 exd4 29. Nxg7 Kxg7 30. exd4 Bc4 31. Rfd1 Bb3 32. Rxc8 Rxc8 33. Re1 Kf8 34. Kf2 Bc2 35. Rc1 Rd8 36. Rxc2 Rxd4 37. g3 Rd7 38. Ba2 1-0

[Event "FIDE Olympiad Disabilties 2020"]
[Site "Online"]
[Date "2020.11.21"]
[Round "4.10"]
[White "Suaza, Yesid"]
[Black "Piekielny, Pawel"]
[Result "0-1"]
[WhiteElo "1836"]
[BlackElo "2098"]
[Annotator "TA"]
[PlyCount "146"]
[EventDate "2020.11.21"]
[EventType "team-tourn"]
[EventCountry "NET"]
[SourceTitle "playchess.com"]
[Source "ChessBase"]
[SourceQuality "1"]
[WhiteTeam "Colombia"]
[BlackTeam "Poland"]
[WhiteTeamCountry "COL"]
[BlackTeamCountry "POL"]

1. d4 e6 2. Bf4 Nf6 3. Nf3 c5 4. c3 Nc6 5. e3 d5 6. Nbd2 Bd6 7. Ne5 Qc7 8. Bb5 O-O 9. Nxc6 Bxf4 10. Ne7+ Qxe7 11. exf4 cxd4 12. cxd4 Qb4 13. Qa4 Qxb2 14. Rb1 Qc3 15. Ke2 Qc7 16. g3 a6 17. Bd3 Bd7 18. Qb3 Bc6 19. Nf3 Ne4 20. Rhc1 Qa5 21. Rb2 Rac8 22. Qb4 Qxb4 23. Rxb4 f6 24. Nd2 Nxd2 25. Kxd2 Rc7 26. Rb2 Rfc8 27. Rbc2 Kf7 28. a4 h6 29. a5 Ke7 30. Ke3 Kd6 31. h4 Ba4 32. Rxc7 Rxc7 33. Rxc7 Kxc7 34. f5 exf5 35. Bxf5 b6 36. axb6+ Kxb6 37. Kd3 Ka5 38. Kc3 Bb5 39. g4 Ka4 40. f4 Ka3 41. g5 hxg5 42. hxg5 fxg5 43. fxg5 Ka4 44. Be6 Bc4 45. Bd7+ Ka5 46. Bf5 Kb6 47. Bc2 a5 48. Ba4 Bb5 49. Bb3 Kc6 50. Bc2 Kd6 51. Bf5 Bd7 52. Bd3 Bg4 53. Kb3 Bd1+ 54. Kc3 Ke6 55. Kd2 Bf3 56. Ke3 Be4 57. Bxe4 dxe4 58. Kxe4 a4 59. Kd3 Kd5 60. g6 a3 61. Kc3 a2 62. Kb2 Kxd4 63. Kxa2 Ke5 64. Kb2 Kf5 65. Kc3 Kxg6 66. Kd3 Kh5 67. Ke3 Kg4 68. Kf2 Kh3 69. Kg1 g5 70. Kh1 g4 71. Kg1 Kg3 72. Kh1 Kf2 73. Kh2 g3+ 0-1

[Event "FIDE Olympiad Disabilties 2020"]
[Site "Online"]
[Date "2020.11.21"]
[Round "4.10"]
[White "Kasperczyk, Szymon"]
[Black "Centenaro Erazo, Nicole Daniela"]
[Result "1-0"]
[WhiteElo "1790"]
[BlackElo "1304"]
[Annotator "NA RC"]
[PlyCount "119"]
[EventDate "2020.11.21"]
[EventType "team-tourn"]
[EventCountry "NET"]
[SourceTitle "playchess.com"]
[Source "ChessBase"]
[SourceQuality "1"]
[WhiteTeam "Poland"]
[BlackTeam "Colombia"]
[WhiteTeamCountry "POL"]
[BlackTeamCountry "COL"]

1. d4 Nf6 2. Nf3 d5 3. Bf4 e6 4. e3 Bd6 5. Ne5 c5 6. Bb5+ Nbd7 7. O-O O-O 8. Nxf7 Rxf7 9. Bxd6 cxd4 10. exd4 Qb6 11. Bxd7 Bxd7 12. Ba3 Rc8 13. c3 Ne4 14. f3 Nd6 15. Nd2 Re8 16. Qb3 Qa6 17. Bxd6 Qxd6 18. a4 Qf4 19. Qd1 Rfe7 20. Nb3 e5 21. dxe5 Rxe5 22. Nd4 Rh5 23. g3 Qe3+ 24. Rf2 Rxh2 25. Qe1 Qxe1+ 26. Rxe1 Rxe1+ 27. Kxh2 Bxa4 28. g4 Bc6 29. Kg3 Kf7 30. Kf4 h6 31. Nf5 a5 32. Nd4 a4 33. Rh2 Ra1 34. g5 hxg5+ 35. Kf5 Ra2 36. Re2 Ra1 37. Kxg5 Rg1+ 38. Kf4 g5+ 39. Kf5 Bd7+ 40. Ke5 Bc6 41. Kd6 Rf1 42. Re3 Kg6 43. Nxc6 bxc6 44. Kxc6 Rf2 45. Kxd5 Rxb2 46. Re6+ Kf5 47. Ra6 Rb3 48. Kd4 Kf4 49. Rf6+ Kg3 50. Rf5 Kh4 51. Kc4 Rb1 52. Kd3 a3 53. Ra5 Ra1 54. c4 a2 55. Kc2 Rf1 56. Rxa2 Rf2+ 57. Kb3 Rxf3+ 58. Kb4 g4 59. c5 g3 60. c6 1-0